000 00676nam a22002417a 4500
003 UA-OsUOA
001 84188
007 ta
008 20120522b un ||||| |||| 00| 0 ukr d
100 _aХалебський П.
090 _a82-94
_bХ17
942 _cBK
040 _aUA-OsUOA
_bukr
_cUA-OsUOA
_dUA-OsUOA
245 _aУкраїна -земля козаків
_bПодорожній щоденник
300 _a293 с.
955 _a2
041 _aukr
080 _a82-94
020 _a978-966-8382-23-9
260 _aК.
_bЯрославів Вал
_c2009
650 7 _a82 Література. Літературознавство
_2UDC
999 _c370437
_d370437